000 00631nam a2200217Ia 4500
005 20260429112305.0
008 260429s9999||||xx |||||||||||||| ||und||
020 _a9781666870732
041 _aEnglish
082 _a333.7
_bCOO
100 _aCoops, Nicholas
245 0 _aRemote sensing and GIS applications :
_bin natural resources management /
_cNicholas Coops
250 _a1st ed.
260 _aWilmington :
_bAmerican Academic Publisher,
_c2024.
300 _aix, 269 p.; hb
650 _a GIS
650 _a Natural resources management
650 _a Spatial analysis
650 _aRemote sensing
942 _cTB
999 _c53343
_d53343